Festivalové konfrontácie

Bibliographic Details
Main Author: Žilková, Marta, 1942- (Author)
Format: Article
Language:Slovak
Subjects:

MARC

LEADER 00000nab a2200000 a 4500
001 vtls000215896
003 SK-MaSNL
005 20260303191140.0
008 111130c1985 xo 0 slo
015 |a SNBRB19rr/mm-uuuuu 
035 |a CL0226010 
040 |a SNKBUCL  |b slo  |c SNKBUCL  |e AACR2 
041 0 |a slo 
044 |a xo  |c SK 
080 |a 7.096.091.4  |2 1981 
100 1 |a Žilková, Marta,  |d 1942-  |4 aut  |9 88073 
245 1 0 |a Festivalové konfrontácie  |c Marta Žilková 
650 0 7 |a Festival pôvodnej slovenskej rozhlasovej hry 1985, Piešťany  |2 snkbucl  |9 928951 
651 7 |a 5211  |2 snkbucl  |9 283191 
655 7 |a články z novín a časopisov  |2 snkbucl  |9 267496 
773 0 |t Pravda  |g Roč. 66, č. 104 (5. 5. 1985), s. 5 
850 |a Slovenská národná knižnica v Martine  |a MTA001 
852 |a SNK  |b KIS3GCP 
958 |a RK 
992 |a RBX 
999 |c 2139609  |d 2141539